The economic impact of malaria in the tribal regions of Odisha / (Record no. 27301)
[ view plain ]
| 000 -LEADER | |
|---|---|
| fixed length control field | 00565nam a2200169Ia 4500 |
| 041 ## - LANGUAGE CODE | |
| Language code of text/sound track or separate title | English |
| 082 ## - DEWEY DECIMAL CLASSIFICATION NUMBER | |
| Classification number | RP.0342 |
| 100 ## - MAIN ENTRY--AUTHOR NAME | |
| Personal name | Pradhan, Jalandhar |
| Affiliation | National Institute of Technology |
| Place | Odisha |
| 245 #4 - TITLE STATEMENT | |
| Title | The economic impact of malaria in the tribal regions of Odisha / |
| Statement of responsibility, etc | Jalandhar Pradhan |
| 260 ## - PUBLICATION, DISTRIBUTION, ETC. (IMPRINT) | |
| Place of publication | New Delhi : |
| Name of publisher/Sponsor | Indian Council oF Social Science Research, |
| Year of publication | 2014 |
| 300 ## - PHYSICAL DESCRIPTION | |
| Number of Pages | xii, 90 p. |
| 536 ## - FUNDING INFORMATION NOTE | |
| Funding Agency | Indian Council of Social Science Research |
| 546 ## - LANGUAGE NOTE | |
| Language note | English |
| 650 ## - SUBJECT ADDED ENTRY--TOPICAL TERM | |
| Topical Term | Malaria |
| General subdivision | India |
| Geographic subdivision | Odisha |
| 650 ## - SUBJECT ADDED ENTRY--TOPICAL TERM | |
| Topical Term | Medical economics |
| 942 ## - ADDED ENTRY ELEMENTS (KOHA) | |
| Koha item type | Research Reports |
| Source of classification or shelving scheme | Dewey Decimal Classification |
| Withdrawn status | Lost status | Damaged status | Not for loan | Collection code | Home library | Current library | Date acquired | Source of acquisition | Full call number | Accession Number | Koha item type |
|---|---|---|---|---|---|---|---|---|---|---|---|
| Not For Loan | Minor Research project Reports | NASSDOC Library | NASSDOC Library | 21/12/2021 | Gifted by: RP Division ICSSR | RP.0342 | 51935 | Research Reports |
